Statistiken für Zerteiltes Deutschland: Fußballverbände

Klicken Sie hier um das Quiz zu spielen!

Allgemein

  • Dieses Quiz wurde 89 mal gespielt
  • Das Durchschnittsergebnis liegt bei 16 aus 21

Antwortstatistiken

RegionalLandesverband% Korrekt
NOFVBerliner Fußball-Verband (BFV)
93%
NFVHamburger Fußball-Verband
90%
NFVBremer Fußball-Verband
88%
NFVNiedersächsischer Fußballverband (NFV)
88%
NOFVSächsischer Fußball-Verband (SFV)
88%
SFVBadischer Fußballverband (BFV)
86%
SFVBayerischer Fußball-Verband (BFV)
86%
NOFVFußball-Landesverband Brandenburg (FLB)
86%
FRVSFußballverband Rheinland (FVR)
86%
FRVSSaarländischer Fußballverband (SFV)
85%
NOFVThüringer Fußball-Verband (TFV)
84%
NOFVFußballverband Sachsen-Anhalt (FSA)
81%
SFVHessischer Fußball-Verband (HFV)
80%
NFVSchleswig-Holsteinischer-Fußballverband (SHFV)
79%
NOFVLandesfußballverband Mecklenburg-Vorpommern (LFV)
77%
WDFVFußball- und Leichtathletik-Verband Westfalen (FLVW)
73%
SFVWürttembergischer Fußball-Verband (WFV)
67%
WDFVFußballverband Niederrhein (FVN)
56%
WDFVFußball-Verband Mittelrhein (FVM)
32%
SFVSüdbadischer Fußball-Verband (SBFV)
28%
FRVSSüdwestdeutscher Fußballverband (SWFV)
20%

Verteilung der Resultate

Perzentil nach korrekt beantworteten Fragen

Anzahl Personen mit jedem Resultat

Ihre Resultats-Entwicklung

Sie haben dieses Quiz noch nicht gespielt